Cesta k Európskej bezpečnostnej stratégii

Autor nepodáva chronologický a vyčerpávajúci výklad evolúcie európskeho bezpečnostného systému, skôr s vývojom filozofického a politického myslenia ukazuje, ako rástla túžba po mieri a bezpečnosti v Európe. Obdobie predvestfálske, vestfálske obdobie a vestfálsky systém, obdobie po skončení Studenej...

Ausführliche Beschreibung

Gespeichert in:
Bibliographische Detailangaben
1. Verfasser: Hofreiter, Ladislav
Format: Buchkapitel
Sprache:Slowakisch
Schlagworte:
Tags: Tag hinzufügen
Keine Tags, Fügen Sie das erste Tag hinzu!

MARC

LEADER 00000naa a2200000 4500
001 0183627
005 20231207093909.3
041 0 |a slo 
044 |a SK 
245 1 0 |a Cesta k Európskej bezpečnostnej stratégii  |c Ladislav Hofreiter 
520 |a Autor nepodáva chronologický a vyčerpávajúci výklad evolúcie európskeho bezpečnostného systému, skôr s vývojom filozofického a politického myslenia ukazuje, ako rástla túžba po mieri a bezpečnosti v Európe. Obdobie predvestfálske, vestfálske obdobie a vestfálsky systém, obdobie po skončení Studenej vojny. 
610 2 0 |a bezpečnosť 
610 2 0 |a vzťahy medzinárodné 
610 2 0 |a bezpečnosť európska 
100 1 |a Hofreiter, Ladislav